000 00825nam a22002417a 4500
010 _aENG-122196
020 _a9789352531967
_c775.00
035 _aB-685774-804
035 _aEN-105728
037 _bABC/Ven.
_adpl
037 _bDBAD/PUB
082 _a547
100 _aBahl, Arun
245 _aA textbook of organic chemistry :
_cby Arun Bahl [and] B.S. Bahl
_b(for BSc students) /
250 _a22nd ed
260 _aNew Delhi
_bS. Chand
_c2016
270 _a7361, Ram Nagar,
_bNew Delhi
_e110055
300 _a1108p.:
_c24cm(pbk)
_bill. (col.)
500 _aIncludes index
700 _aBahl. B.S.
942 _2ddc
_cEN
_mBAH
_h547
999 _c144237
_d144237